Lí thuyết cơ sở truyền thanh
Đã lưu trong:
| Príomhúdar: | |
|---|---|
| Formáid: | Leabhar |
| Teanga: | Undetermined |
| Foilsithe: |
Hà Nội
Công nhân kĩ thuật
1976
|
| Ábhair: | |
| Clibeanna: |
Cuir Clib Leis
Gan Chlibeanna, Bí ar an gcéad duine leis an taifead seo a chlibeáil!
|
| Thư viện lưu trữ: | Trung tâm Học liệu Trường Đại học Cần Thơ |
|---|
| LEADER | 00577nam a2200181Ia 4500 | ||
|---|---|---|---|
| 001 | CTU_14139 | ||
| 008 | 210402s9999 xx 000 0 und d | ||
| 082 | |a 621.38 | ||
| 082 | |b L600 | ||
| 100 | |a Cục truyền thanh | ||
| 245 | 0 | |a Lí thuyết cơ sở truyền thanh | |
| 245 | 0 | |c Cục truyền thanh, Tổng cục Thông tin | |
| 260 | |a Hà Nội | ||
| 260 | |b Công nhân kĩ thuật | ||
| 260 | |c 1976 | ||
| 650 | |a electronic circuits | ||
| 904 | |i Nguyễn Quang Điền, 961230 | ||
| 980 | |a Trung tâm Học liệu Trường Đại học Cần Thơ | ||